| 000 | 00461nam a2200181 i 4500 | ||
|---|---|---|---|
| 001 | 27314 | ||
| 003 | ES-MaACL | ||
| 005 | 20250724094350.0 | ||
| 007 | t| | ||
| 008 | 030114s1970 sp ||||1| spa d | ||
| 080 | _a912(100) | ||
| 245 | 0 | 0 | _aAtlas universal Herder. |
| 260 |
_aBarcelona : _bHerder, _c[1970] |
||
| 300 |
_a198 p. : _bil., 27 mapas col. ; _c35 cm. |
||
| 650 | 7 |
_aAtlas _2embne _910407 |
|
| 852 | 4 |
_aES-MaACL _jC-40902 |
|
| 999 |
_c27314 _d27314 |
||